| 000 | 00616nam a22001817a 4500 | ||
|---|---|---|---|
| 003 | NUST - PNEC | ||
| 005 | 20170116181032.0 | ||
| 008 | 150919b xxu||||| |||| 00| 0 eng d | ||
| 020 | _a- | ||
| 040 | _cLIBRARY | ||
| 082 | _a621.316 BRA | ||
| 100 |
_911173 _aBraymer, Daniel Harvey |
||
| 245 |
_aRewinding small motors; practical details of repair-shop practice with step-by-step procedure for rewinding all types and designs of fractional-horsepower direct-and alternating-current motors, _cDaniel Harvey Braymer |
||
| 250 | _a3rd ed. | ||
| 260 | _cc.1949 | ||
| 650 |
_911174 _aArmatures _xEE |
||
| 942 |
_2ddc _cBK |
||
| 999 |
_c67793 _d67793 |
||